<?xml version="1.0" encoding="UTF-8"?>
<record
    xmlns:xsi="http://www.w3.org/2001/XMLSchema-instance"
    xsi:schemaLocation="http://www.loc.gov/MARC21/slim http://www.loc.gov/standards/marcxml/schema/MARC21slim.xsd"
    xmlns="http://www.loc.gov/MARC21/slim">

  <leader>00817nam a22002177a 4500</leader>
  <controlfield tag="005">20141204084523.0</controlfield>
  <controlfield tag="008">141127b        xxu||||| |||| 00| 0 spa d</controlfield>
  <datafield tag="040" ind1=" " ind2=" ">
    <subfield code="c">CO-BoIH</subfield>
  </datafield>
  <datafield tag="041" ind1=" " ind2=" ">
    <subfield code="a">spa</subfield>
  </datafield>
  <datafield tag="044" ind1=" " ind2=" ">
    <subfield code="a">ck</subfield>
  </datafield>
  <datafield tag="090" ind1=" " ind2=" ">
    <subfield code="a">EA</subfield>
    <subfield code="b">00171</subfield>
  </datafield>
  <datafield tag="100" ind1="1" ind2=" ">
    <subfield code="a">C&#xE1;rdenas-Navas, Ana Mar&#xED;a </subfield>
    <subfield code="9">29223</subfield>
  </datafield>
  <datafield tag="245" ind1=" " ind2=" ">
    <subfield code="a">Inclusi&#xF3;n de la Educaci&#xF3;n Ambiental en el Proyecto Educativo Institucional-PEI</subfield>
    <subfield code="c">Ana Mar&#xED;a, C&#xE1;rdenas-Navas</subfield>
  </datafield>
  <datafield tag="260" ind1=" " ind2=" ">
    <subfield code="a">Bogot&#xE1; D.C :</subfield>
    <subfield code="b">Corporaci&#xF3;n Aut&#xF3;noma Regional de Cundinamarca-CAR,</subfield>
    <subfield code="c">[Sin fecha]</subfield>
  </datafield>
  <datafield tag="300" ind1=" " ind2=" ">
    <subfield code="a">85 pag </subfield>
    <subfield code="b">Il.</subfield>
    <subfield code="c">28 cm.</subfield>
  </datafield>
  <datafield tag="504" ind1=" " ind2=" ">
    <subfield code="a">Incluye referencias bibliogr&#xE1;ficas </subfield>
  </datafield>
  <datafield tag="650" ind1=" " ind2=" ">
    <subfield code="a">Medio Ambiente </subfield>
    <subfield code="x">Educaci&#xF3;n </subfield>
    <subfield code="9">29697</subfield>
  </datafield>
  <datafield tag="650" ind1=" " ind2=" ">
    <subfield code="a">Educaci&#xF3;n Ambiental  </subfield>
    <subfield code="x">Programas Educativos </subfield>
    <subfield code="9">29698</subfield>
  </datafield>
  <datafield tag="650" ind1=" " ind2=" ">
    <subfield code="a">Proyecto Educativo Institucional-PEI</subfield>
    <subfield code="x">Educaci&#xF3;n Ambiental</subfield>
    <subfield code="9">29699</subfield>
  </datafield>
  <datafield tag="942" ind1=" " ind2=" ">
    <subfield code="2">z</subfield>
    <subfield code="c">LIBRO</subfield>
  </datafield>
  <datafield tag="999" ind1=" " ind2=" ">
    <subfield code="c">8841</subfield>
    <subfield code="d">8841</subfield>
  </datafield>
  <datafield tag="952" ind1=" " ind2=" ">
    <subfield code="0">0</subfield>
    <subfield code="1">0</subfield>
    <subfield code="2">z</subfield>
    <subfield code="4">0</subfield>
    <subfield code="7">0</subfield>
    <subfield code="8">EDUAMBIENT</subfield>
    <subfield code="I">INV2017</subfield>
    <subfield code="a">Venado</subfield>
    <subfield code="b">Venado</subfield>
    <subfield code="d">2014-11-27</subfield>
    <subfield code="e">Instituto</subfield>
    <subfield code="g">39000.00</subfield>
    <subfield code="l">0</subfield>
    <subfield code="o">EA-00171</subfield>
    <subfield code="p">034807</subfield>
    <subfield code="r">2014-11-27 00:00:00</subfield>
    <subfield code="t">Ej. 1</subfield>
    <subfield code="w">2014-11-27</subfield>
    <subfield code="x">Donaci&#xF3;n</subfield>
    <subfield code="y">LIBRO</subfield>
  </datafield>
</record>
